Music Quiz

Random Music Quiz

Words to Allstar by Smashmouth Quiz Stats

 Plays Quiz not verified by Sporcle

Also try: Lead Singers II
Challenge
Share
Tweet
Embed
Score 0/217 Timer 05:00
0 Plays Today
Hint Answer % Correct
somebody
98.5%
once
97.7%
told
97.7%
me
97.3%
the
96.9%
world
96.9%
gonna
93.1%
me
93.1%
is
91.5%
the
87.6%
tool
87.6%
in
87.6%
the
87.6%
roll
87.3%
aint
87.3%
sharpest
87.3%
shed
87.3%
she
86.5%
was
86.1%
looking
86.1%
kind
86.1%
with
85.7%
dumb
85.3%
finger
84.6%
of
84.2%
her
83.8%
and
83.8%
thumb
83.8%
her
83.4%
the
83.4%
shape
83.4%
of
83%
an
83%
in
82.6%
on
82.6%
her
82.6%
forehead
82.6%
the
79.5%
and
78.4%
well
78%
start
78%
coming
78%
they
77.2%
dont
76.8%
stop
76.8%
coming
76.4%
years
75.3%
I
71%
the
67.6%
to
65.6%
and
64.5%
L
59.5%
running
59.5%
ground
58.7%
hit
58.3%
the
58.3%
rules
57.5%
make
51.7%
sense
51.7%
for
51.7%
fun
51.7%
gets
51.7%
to
51.4%
live
51.4%
your
51.4%
not
51%
brain
51%
your
51%
smart
50.6%
head
50.6%
so
50.2%
gets
49.8%
dumb
49.8%
Hint Answer % Correct
much
49.8%
to
49.8%
so
49.8%
much
49.8%
to
49.8%
didnt
49%
but
49%
do
49%
see
48.6%
so
48.3%
wrong
45.6%
with
45.2%
taking
45.2%
the
45.2%
back
44.8%
hey nowhey
42.5%
now
42.5%
your
42.5%
never
40.5%
an
40.5%
allstar
40.2%
get
40.2%
know
39.8%
if
39.8%
you
39.8%
dont
39.8%
never
39%
if
39%
game
39%
on
39%
you
38.6%
dont
38.6%
your
38.6%
hey nowhey
38.6%
now
38.6%
your
38.6%
go
38.2%
streets
37.8%
youll
37.8%
shine
37.8%
go
37.5%
glow
36.7%
play
36.7%
rock
36.3%
star
36.3%
absolutely sick turntable scratchyoull
35.9%
get
34.7%
back
33.6%
on
32.4%
get
32.4%
a
31.7%
the
31.7%
show
31.7%
paid
31.7%
shooting
29%
*If all that glitters is gold*only
28.6%
stars
28.6%
the
26.3%
break
25.9%
mold
25.1%
its
21.6%
cool
20.8%
place
20.1%
and
20.1%
a
18.5%
they
18.5%
colder
18.5%
say
18.1%
it
18.1%
gets
17.8%
wait
15.8%
now
15.1%
you
15.1%
Hint Answer % Correct
get
15.1%
mediamedia
15.1%
your
14.7%
up
14.7%
older
14.7%
bundled
14.3%
much
13.5%
the
13.5%
until
13.1%
ill
12.7%
man
12.7%
but
12%
to
12%
differ
11.6%
begs
11.2%
judging
10.8%
by
10.8%
the
10.8%
hole
10.8%
in
10.8%
the
10.8%
satellite
9.7%
picture
9.3%
the
8.9%
ice
8.9%
we
8.9%
skate
8.9%
is
8.9%
getting
8.5%
pretty
8.5%
thin
8.5%
the
8.1%
waters
8.1%
warm
8.1%
so
8.1%
might
8.1%
as
8.1%
well
8.1%
getting
7.7%
swim
7.7%
hey nowhey
7.7%
now
7.7%
your
7.7%
my
7.3%
worlds
7.3%
on
7.3%
fire
7.3%
how
7.3%
about
7.3%
yours
7.3%
thats
6.9%
the
6.9%
way
6.9%
you
6.6%
like
6.6%
it
6.2%
an
6.2%
i
5.8%
and
5.8%
never
5.8%
get
5.8%
all
5.8%
star
5.8%
get
5.8%
bored
5.4%
your
5.4%
game
5%
on
5%
ill
4.2%
go
4.2%
play
4.2%

You're not logged in!

Compare scores with friends on all Sporcle quizzes.
Join for Free
OR
Log In

You Might Also Like...

Show Comments

Extras

Created Sep 13, 2014ReportNominate
Tags:Katherine Heigl, Smash Mouth

Top Quizzes Today


Score Distribution

Your Account Isn't Verified!

In order to create a playlist on Sporcle, you need to verify the email address you used during registration. Go to your Sporcle Settings to finish the process.

Report this User

Report this user for behavior that violates our Community Guidelines.

Details: